000 00428nam a22001691a 4500
020 _a81-85-381-50-
082 _a780.954 87
_bBHA/M
100 _aBhagyalekshmy S
245 _aMuthuswamy Dikshitar compositions/
_cby Bhagyalekshmy S
260 _aNagercoil:
_bCBH,
_c1997.
300 _a124p.
650 _aCompositions Muthuswamy Dikshitar
650 _aCarnatic Music
650 _aMusic
650 _aArts
942 _cBK
999 _c29926
_d29926